000 00232nam a22000857a 4500
008 161026b xxu||||| |||| 00| 0 eng d
100 _9965
_aDorling Kindersley
245 _aBig Book of Knowledge
260 _aLondon
_bD.K. Publications
_c1994
999 _c3624
_d3624